Business Organisation And Management/ (Record no. 186811)

MARC details
000 -LEADER
fixed length control field 00636nam a22002057a 4500
005 - DATE AND TIME OF LATEST TRANSACTION
control field 20220317115052.0
010 ## - LCCN (DPL NO)
LC control number ENG-132016
020 ## - INTERNATIONAL STANDARD BOOK NUMBER
International Standard Book Number 9788195056309
Terms of availability 190.00
035 ## - SYSTEM CONTROL NUMBER
System control number EN-115548
037 ## - SOURCE OF ACQUISITION
Source of stock number/acquisition DBAD
082 ## - DEWEY DECIMAL CLASSIFICATION NUMBER
Classification number 658
100 ## - MAIN ENTRY--PERSONAL NAME
Personal name Sudhakar, A.
245 ## - TITLE STATEMENT
Title Business Organisation And Management/
Statement of responsibility, etc A Sudhakar, C Kavita and Viswanadham Bulusu
260 ## - PUBLICATION, DISTRIBUTION, ETC. (IMPRINT)
Place of publication, distribution, etc Indirapuram
Name of publisher, distributor, etc National Publsihing Co.
Date of publication, distribution, etc 2021
270 ## - ADDRESS
Address SRB 43A, Shipra Riviera, Gyan Khand-3
City Indirapuram
Postal code 201014
300 ## - PHYSICAL DESCRIPTION
Extent viii, 211p.
Dimensions 24cm(pbk)
700 ## - ADDED ENTRY--PERSONAL NAME
Personal name Kavita, C
700 ## - ADDED ENTRY--PERSONAL NAME
Personal name Bulusu, Viswanadham
942 ## - ADDED ENTRY ELEMENTS (KOHA)
Source of classification or shelving scheme Dewey Decimal Classification
Item type English Books
Classification part 658
Call number suffix SUD
Holdings
Withdrawn status Lost status Not for loan Collection code Home library Current library Date acquired Source of acquisition Cost, normal purchase price Full call number Barcode Copy number Cost, replacement price Koha item type
      Non-fiction Central Library Central Library 17/03/2022 DBAD/PUB 190.00 658 SUD EN-115548 1 190.00 English Books

© Delhi Public Library
Hit Counter
free hit counter